000 00708nam a2200229 i 4500
001 42889
003 ES-MaACL
005 20250712062545.0
007 t|
008 030314s1973 sp ||||1| spa d
080 _a159.922.4(460)
100 1 _aCela, Camilo José,
_d1916-2002
_937336
245 1 2 _aA vueltas con España /
_cCamilo José Cela ; prólogo, Dionisio Ridruejo.
260 _a[Madrid] :
_bSeminarios y Ediciones,
_c[1973]
300 _a335 p. ;
_c18 cm.
490 1 _aHora H ;
_v42
650 4 _aEspañoles-
_xPsicología.
_912477
700 1 _aRidruejo, Dionisio,
_d1912-1975
_997065
830 1 _aHora H ;
_v42
_9181966
852 4 _aES-MaACL
_jC-55724
999 _c42889
_d42889